Finales NBA y MVP de las Finales - Estadísticas

Estadísticas generales
  • Esta prueba ha sido intentada 1.311 veces
    1.113 desde el último reinicio
  • La puntuación promedio es 40 de 68
Estadísticas de respuestas
Pista Respuesta % Correcto
Equipo Los Angeles Lakers
98%
Equipo Minneapolis Lakers
98%
Equipo Boston Celtics
97%
Equipo Golden State Warriors
96%
Equipo Philadelphia Warriors
96%
Equipo San Francisco Warriors
96%
Equipo Miami Heat
93%
Equipo Cleveland Cavaliers
92%
Equipo Denver Nuggets
92%
Jugador LeBron James
91%
Equipo Milwaukee Bucks
91%
Equipo San Antonio Spurs
90%
Equipo Chicago Bulls
89%
Jugador Stephen Curry
89%
Equipo Toronto Raptors
87%
Equipo Dallas Mavericks
86%
Jugador Michael Jordan
86%
Equipo Detroit Pistons
84%
Equipo Fort Wayne Pistons
84%
Equipo Phoenix Suns
84%
Jugador Magic Johnson
83%
Jugador Kevin Durant
81%
Jugador Giannis Antetokounmpo
80%
Jugador Kobe Bryant
80%
Equipo Orlando Magic
80%
Equipo Houston Rockets
78%
Equipo Philadelphia 76ers
77%
Jugador Kawhi Leonard
73%
Jugador Shaquille O'Neal
73%
Jugador Tim Duncan
73%
Equipo Oklahoma City Thunder
71%
Equipo Utah Jazz
71%
Jugador Dirk Nowitzki
70%
Jugador Andre Iguodala
64%
Equipo New York Knicks
64%
Jugador Larry Bird
63%
Equipo New Jersey Nets
63%
Jugador Dwyane Wade
59%
Jugador Tony Parker
57%
Jugador Kareem Abdul-Jabbar
56%
Jugador Nikola Jokic
55%
Jugador Hakeem Olajuwon
54%
Equipo Portland Trail Blazers
52%
Jugador Paul Pierce
51%
Equipo Seattle SuperSonics
50%
Equipo Indiana Pacers
49%
Equipo Saint Louis Hawks
44%
Jugador Isiah Thomas
42%
Equipo Syracuse Nationals
41%
Jugador Wilt Chamberlain
37%
Jugador Jerry West
35%
Jugador Chauncey Billups
32%
Equipo Baltimore Bullets
30%
Jugador Moses Malone
30%
Equipo Washington Bullets
30%
Jugador Dennis Johnson
26%
Equipo Rochester Royals
24%
Jugador James Worthy
21%
Jugador Joe Dumars
17%
Jugador Bill Walton
15%
Jugador John Havlicek
13%
Jugador Wes Unseld
10%
Jugador Willis Reed
9%
Jugador Rick Barry
8%
Jugador Jo Jo White
7%
Jugador Cedric Maxwell
6%
Equipo Chicago Stags
5%
Jugador Washington Capitols
2%
No se encontraron pruebas coincidentes
Distribución de puntuación
Porcentaje de gente con cada puntuación
Porcentaje por número respondido
Historial de tus puntuaciones
No has intentado esta prueba desde el último reinicio